Statistics for 6-letter Language Chain Quiz

Click here to take the quiz!

General Stats

  • This quiz has been taken 32 times
  • The average score is 10 of 20

Answer Stats

HintAnswer% Correct
The plural of "alumnus"alumni
90%
"Spain" in SpanishEspaña
90%
A language group that includes Welsh, Breton, Irish and Scottish GaelicCeltic
77%
A typically Caribbean language based on a European language and local languagesCreole
70%
A part of speech that typically expresses manner, time, place etc.adverb
63%
A Portuguese speaking African countryAngola
57%
"rubber" in American Englisheraser
57%
"Hungarian" in HungarianMagyar
53%
An African country with 4 official languages including Swahili and FrenchRwanda
53%
Human vocal communication using languagespeech
53%
A Germanic language characterized by "stød", a sort of creaky voiceDanish
50%
"Iceland" in IcelandicÍsland
50%
"Greece" in GreekHellas
43%
A Greek letterlambda
40%
The female equivalent of the word "abbot"abbess
37%
The Korean alphabethangul
33%
The timing of stress or syllables in a languagerhythm
30%
A group of Indo-European languages with over 300 milliion speakersSlavic
30%
An emphasis given to a syllable in a wordstress
27%
The most common 6-letter English verbbecome
20%

Score Distribution

Percentile by Number Answered

Percent of People with Each Score

Your Score History

You have not taken this quiz